श्री महर्षी अण्णासाहेब पटवर्धन यांच्या आठवणी. (Record no. 1335730)

MARC details
000 -LEADER
fixed length control field 00891nam a2200181Ia 4500
008 - FIXED-LENGTH DATA ELEMENTS--GENERAL INFORMATION
fixed length control field 151202s9999||||xx |||||||||||||| ||und||
082 ## - DEWEY DECIMAL CLASSIFICATION NUMBER
Item number PNVM-69220
100 ## - MAIN ENTRY--PERSONAL NAME
Personal name ठोसर प्रभाकर केशव.
245 ## - TITLE STATEMENT
Title श्री महर्षी अण्णासाहेब पटवर्धन यांच्या आठवणी.
260 ## - PUBLICATION, DISTRIBUTION, ETC. (IMPRINT)
Name of publisher, distributor, etc दातार रामचंद्र धोंडो.
260 ## - PUBLICATION, DISTRIBUTION, ETC. (IMPRINT)
Date of publication, distribution, etc 69220
300 ## - PHYSICAL DESCRIPTION
Extent 220
600 ## - SUBJECT ADDED ENTRY--PERSONAL NAME
Personal name ठोसर प्रभाकर केशव.
630 ## - SUBJECT ADDED ENTRY--UNIFORM TITLE
Uniform title श्री महर्षी अण्णासाहेब पटवर्धन यांच्या आठवणी.
700 ## - ADDED ENTRY--PERSONAL NAME
Personal name ठोसर प्रभाकर केशव.
730 ## - ADDED ENTRY--UNIFORM TITLE
Uniform title श्री महर्षी अण्णासाहेब पटवर्धन यांच्या आठवणी.
942 ## - ADDED ENTRY ELEMENTS (KOHA)
Koha item type Book
Holdings
Withdrawn status Lost status Damaged status Not for loan Home library Current library Date acquired Cost, normal purchase price Total Checkouts Full call number Barcode Date last seen Cost, replacement price Price effective from Koha item type
        Pune Nagar Vachan Mandir, Pune Pune Nagar Vachan Mandir, Pune 06/21/2015 0.00   PNVM-69220 PNVM-69220 12/02/2015 0.00 12/02/2015 Book